| 000 | 01049cam a2200241 4500 | ||
|---|---|---|---|
| 001 | ##L131069 | ||
| 002 | ##9044 | ||
| 008 | 050923n2005 000 0 eng u | ||
| 020 | _a190185616X | ||
| 035 | _a(Sirsi) u131069 | ||
| 041 | 0 | _aeng | |
| 050 | 0 | 4 | _a692.5 $2 18 |
| 110 | 2 |
_aFranklin and Andrews _92518 |
|
| 245 | 0 | 0 |
_aGriffiths complete building price book 2006 _ba complete guide for estimating, checking and forecasting building and civil engineering costs |
| 250 | _a52nd ed. | ||
| 260 |
_aLondon _bFranklin and Andrews _c2005 |
||
| 300 |
_a725p. _c25cm |
||
| 350 | _a84 | ||
| 520 | _aProduced as a guide to pricing typical mid-scale new work projects up to £1m and mid to small scale alterations and repairs projects up to £50 000, with a reasonable balance of work in most trades, generally in accordance with the rules of measurement and units of billing provided by the sixth edition of the Standard Unit of Measurement of Building Works. | ||
| 590 | _aIKA061205 | ||
| 690 | _aBUILT ENVIRONMENT-BUILDING COSTS | ||
| 942 | _n0 | ||
| 999 |
_c104626 _d104626 |
||